Deutsche NBA-Spieler - Sudden Death - Statistiken

Allgemein
  • Dieses Quiz wurde 1.144 mal gespielt
    1.090 seit der letzten Aktualisierung
  • Das Durchschnittsergebnis liegt bei 5 aus 8
Answers on the Grid
Answers color-coded by a green-red scale on the quiz's grid according to % correct below.
Kevin Huerter
Dirk Nowitzki
John Brown
P.J. Tucker
Austin Reaves
Max Strus
Shawn Bradley
Tyrese Haliburton
Detlef Schrempf
Dennis Schroder
Kyle Korver
Moritz Wagner
Ariel Hukporti
Mike Muscala
Franz Wagner
 
Antwortstatistiken
Antwort % Korrekt
Dirk Nowitzki
98%
Dennis Schroder
91%
Franz Wagner
88%
Moritz Wagner
88%
Detlef Schrempf
72%
Ariel Hukporti
44%
Shawn Bradley
18%
John Brown
10%
Keine übereinstimmenden Quizze gefunden
Verteilung der Resultate
Anzahl Personen mit jedem Resultat
Perzentil nach korrekt beantworteten Fragen
Ihre Resultats-Entwicklung
Sie haben dieses Quiz seit der letzten Aktualisierung nicht gespielt